A history of the Marconi company
保存先:
| 第一著者: | |
|---|---|
| フォーマット: | 図書 |
| 言語: | Undetermined |
| 出版事項: |
London
Methuen & Co LTD
1970
|
| 主題: | |
| タグ: |
タグ追加
タグなし, このレコードへの初めてのタグを付けませんか!
|
| Thư viện lưu trữ: | Trung tâm Học liệu Trường Đại học Cần Thơ |
|---|
| LEADER | 00490nam a2200193Ia 4500 | ||
|---|---|---|---|
| 001 | CTU_86632 | ||
| 008 | 210402s9999 xx 000 0 und d | ||
| 082 | |a 384 | ||
| 082 | |b B167 | ||
| 100 | |a Baker, W. J. | ||
| 245 | 2 | |a A history of the Marconi company | |
| 245 | 0 | |c W. J. Baker | |
| 260 | |a London | ||
| 260 | |b Methuen & Co LTD | ||
| 260 | |c 1970 | ||
| 650 | |a Telephone companies | ||
| 650 | |x History | ||
| 904 | |i Năm | ||
| 980 | |a Trung tâm Học liệu Trường Đại học Cần Thơ | ||